| 000 | 00532nam a2200181 a 4500 | ||
|---|---|---|---|
| 001 | 000022910 | ||
| 005 | 20200930021852.0 | ||
| 008 | 101122s1981 xxua 000 0 spa d | ||
| 082 |
_aCu861.44 _bR696ó |
||
| 100 | 1 |
_aRodríguez Santos, Justo. _947099 |
|
| 245 | 1 | 4 |
_aLas operas del sueño : _bpoemas 1979-1981 / _cJusto Rodríguez Santos. |
| 260 |
_aMiami : _bOrigenes, _c1981. |
||
| 300 |
_a110 p. : _bil. ; _c22 cm. |
||
| 650 | 4 |
_aPoesía cubana _95226 |
|
| 650 | 4 |
_aLiteratura cubana _91483 |
|
| 049 | _aBNGR | ||
| 999 |
_c22407 _d22407 |
||
| 040 | _aDO-SdBNP | ||